Central Library OPAC University of Rajshahi

Growth, Yield and quality of Plant and Ratoon Crops of Sugarcane as affected by Plant material and Management Practices / (Record no. 18214)

MARC details
000 -LEADER
fixed length control field 01170ntm a2200253 a 4500
001 - CONTROL NUMBER
control field 18214
003 - CONTROL NUMBER IDENTIFIER
rucl marc code BD-RjUL
005 - DATE AND TIME OF LATEST TRANSACTION
control field 20211209000243.0
008 - FIXED-LENGTH DATA ELEMENTS--GENERAL INFORMATION
fixed length control field 140219b bg a|||| mb|| 00| 0 eng d
035 ## - SYSTEM CONTROL NUMBER
System control number (BD-RjUL)18272
040 ## - CATALOGING SOURCE
Original cataloging agency BD-RjUL
Language of cataloging eng
Transcribing agency BD-RjUL
Modifying agency BD-RjUL
041 ## - LANGUAGE CODE
Language code of text/sound track or separate title eng
082 ## - DEWEY DECIMAL CLASSIFICATION NUMBER
Edition number 21
Classification number 633.618
Author mark and year RAG 2012
100 ## - MAIN ENTRY--PERSONAL NAME
Personal name Rahman, Md. Saidur
9 (RLIN) 56071
245 ## - TITLE STATEMENT
Title Growth, Yield and quality of Plant and Ratoon Crops of Sugarcane as affected by Plant material and Management Practices /
Statement of responsibility, etc. by Md. Saidur Rahman.
Linkage Supervisor: Professor Md. Aminul Haque ; Co-Supervisor: Professor Md. Abdur Rahman Sarkar.
260 ## - PUBLICATION, DISTRIBUTION, ETC. (IMPRINT)
Place of publication, distribution, etc. Rajshahi:
Name of publisher, distributor, etc. Department Of Agronomy and Agricultural Extention, University of Rajshahi,
Date of publication, distribution, etc. 2012
300 ## - PHYSICAL DESCRIPTION
Pagination xxiii,245 leaves :
Illustrations ill.;
Size 29 cm.
502 ## - DISSERTATION NOTE
Dissertation note Thesis (Ph.D.)--Department Of Agronomy and Agricultural Extention, University of Rajshahi--2012
504 ## - BIBLIOGRAPHY, ETC. NOTE
Bibliography, etc Bibliographical References: Leaves 190-218
650 ## - SUBJECT ADDED ENTRY--TOPICAL TERM
Topical term or geographic name as entry element Sugarcane
Form subdivision Agriculture
General subdivision Cultivation Methods
Geographic subdivision Bangladesh
-- Rajshahi
9 (RLIN) 56085
700 ## - ADDED ENTRY--PERSONAL NAME
Personal name Haque, Md. Aminul, Supervisor
Personal name Sarkar, Md. Abdur Rahman , Co-Supervisor.
942 ## - ADDED ENTRY ELEMENTS (KOHA)
Source of classification or shelving scheme Dewey Decimal Classification
Koha item type Theses
Holdings
Lost status Source of classification or shelving scheme Damaged status Not for loan Permanent Location Current Location Shelving location Date acquired Source of acquisition Cost, normal purchase price Total Checkouts Full call number Date last seen Copy number Koha item type
  Dewey Decimal Classification   Not For Loan Central Library, University of Rajshahi Central Library, University of Rajshahi Documentation Section 12/10/2013 Controller of Examination Office, University of Rajshahi, Rajshahi. 0.00   THE 633.618 RAG 2012 20/02/2014 C-1 Theses